000 00560nam a22001697a 4500
005 20180726170657.0
010 _aENG-123606
020 _c100.00
_a9789350077658
035 _aEN-107138
037 _bDBAD/PUB.
082 _a355.1320954
245 _aVeer gaatha :
_bstories of param vir chakra awardees /
260 _aNew Delhi
_bNational Council of Education Research and Training
_c2016
270 _aNCERT Campus, Sri Aurobindo Marg,
_bNew Delhi
_e110016
300 _a139p.
_bphotos
_c24cm(pbk)
942 _2ddc
_cEN
_h355.1320954
_mVEE
999 _c154910
_d154910